| 000 | 01454cam a22001814a 4500 | ||
|---|---|---|---|
| 005 | 20250605164143.0 | ||
| 008 | 250528s ||||||||||||||||||||||||d | ||
| 035 | _a19045 | ||
| 040 |
_aGR-AtMCL _bgre _dGR-AtMCL _eAACR2 |
||
| 245 | 1 | _aΚοινωνικοποίηση και Εκπαιδευτικές Ανισότητες | |
| 260 |
_bAddison-Wesley Publishing Company, _c1984 |
||
| 300 | _a192 | ||
| 520 | _aΑντί Εισαγωγής, Η Κοινωνικοποίηση, Η Κοινωνικοποίηση ως Έννοια και ως Διαδικασία, Οικογένεια και Κοινωνικοποίηση, Βασικές Προϋποθέσεις για Ομαλή Κοινωνικοποίηση, Κοινωνική Προέλευση και Κοινωνικοποίηση, Οι Κοινωνικές Τάξεις και Πώς Διαφοροποιούνται, Κοινωνική Προέλευση και Ανάπτυξη της Προσωπικότητας, Κοινωνική Προέλευση και Σχολική Επιτυχία, Κοινωνική Προέλευση και Σχολική Ωριμότητα, Κοινωνική Προέλευση και Γενική Εκπαίδευση, Κοινωνική Προέλευση και Φοίτηση στα Α.Ε.Ι., Βιβλιογραφία και Ευρετήρια. | ||
| 700 | 1 |
_aΠυργιωτάκη Ιωάννα Ε _95314 |
|
| 942 | _cBK | ||
| 999 |
_c4329 _d4329 |
||